000 00352nam a2200133Ia 4500
008 100328s9999 xx 000 0 und d
082 _b68229
100 _aठाकूर दिलीप.
245 _aआडपडदा.
260 _bश्रीकल्प.
630 _aआडपडदा.
730 _aआडपडदा.
942 _cBOOK
999 _c553968
_d553965